000 00331nam a2200157Ia 4500
100 _aPhillips/joseph
650 _aInformation technology
250 _a2
942 _cBK
654 _ait
245 _aIT Project Management
260 _bTata Mc Graw hill
_c2004
082 _a5.15
_bPHI
300 _a549
546 _aENGLISH
999 _c20920
_d20920